000 00290nam a2200097Ia 4500
005 20251222114401.0
008 251222s1900||||xx |||||||||||||| ||spa||
082 _aDVD0093/P59/2004/Ej.2
245 0 _aLas mejores prácticas del marketing: casos ganadores de los premios effie 2004:
942 _cDVD
999 _c1647
_d1647